=LDR 00000nam 2200000 4500 =001 INLIS000000000044636 =005 20131008110307 =008 ***********************************Ind** =035 ##$$0010-101300000002558 =041 ##$$a Ind =082 ##$$a F rom d =090 ##$$a f rom d , Asi m =100 ##$$a Asiza, Fahri =245 ##$$a Menjaring Matahari , Fahri Asiza =260 ##$$a 2004 $b Jakarta =300 ##$$a 240 hal , 18 cm =850 ##$$a NBPNMAT